ChemAsia Malaysia International Chemical Exhibition 2013 (8 - 9 October 2013 : Putra World trade Centre, Kala Lumpur) : show directory.
| Format: | Book |
|---|---|
| Published: |
[S.l]:
[s.n],
2013.
|
| Subjects: |
| LEADER | 00508cam a2200133 7i4500 | ||
|---|---|---|---|
| 001 | 0000030825 | ||
| 005 | 20140217090000.0 | ||
| 090 | 0 | 0 | |a M 338.4766025 |b CHE |
| 245 | 0 | 0 | |a ChemAsia Malaysia International Chemical Exhibition 2013 (8 - 9 October 2013 : Putra World trade Centre, Kala Lumpur) : |b show directory. |
| 260 | 0 | 0 | |a [S.l]: |b [s.n], |c 2013. |
| 300 | # | # | |a 52 p. |
| 650 | 0 | 0 | |a Chemical -- |x Exhibition -- |x Directories -- |z Malaysia |
| 651 | 0 | 0 | |a Malaysia |
| 999 | |a 0000033502 |b Directories |c Malaysia |e Business Information Centre | ||